000 01058nam a2200229 a 4500
001 86100
003 BD-RjUL
005 20260113152014.0
008 260113s2024 bg ||||| |||| 00| 0 ben d
020 _a9789849912903 :
_cTk.700.00
035 _a(BD-RjUL)86100
040 _aBD-RjUL
_beng
_cBD-RjUL
041 _aben
082 _223
_a297.124
_bHOU 2024
100 _aহোসেন, মোহাম্মদ বেলাল
245 _aউলূমুল হাদীছ :
_b[একাডেমিক, ঐতিহাসিক ও মূলনীতিভিত্তিক বিশ্লেষণ] /
_cমোহাম্মদ বেলাল হোসেন
260 _aঢাকা :
_bবাংলাদেশ ইনস্টিটিউট অব ইসলামিক থ্যট,
_c২০২৪
300 _a৫০০ পৃ.;
_c২৫ সেমি.
650 _aহাদিস
_xসমালোচনা, ব্যাখ্যা, ইত্যাদি
_917592
650 _aHadith
_xCriticism, interpretation, etc
942 _2ddc
_cBK
999 _c86100
_d86100